000 01068cad a2200241 4500
001 L158656
008 100215n2013 000 0 eng u
020 _a9781783210305
035 _a(Sirsi) u158656
041 _aeng
100 1 _aWilkinson, Sarah
111 2 _aConstruction and Building Research Conference
_cIIT Delhi, New Delhi
_d10-12 September 2013
245 0 0 _aExploring measurement of the uptake of sustainability in the built environment throughout building permit data
_h[electronic resource]
260 _aLondon
_bRICS
_c2013
490 0 _aCOBRA
_v2013
520 _aA paper presented at the COBRA Conference in New Delhi on 10-12 September 2013. looks into the possibility of developing a method for calculating all building related carbon emissions and explores the viability of such a proposal within the Australia regulatory system.
650 2 4 _aCONSTRUCTION AND BUILDING RESEARCH CONFERENCE (COBRA)
650 2 4 _aCARBON EMISSIONS
650 2 4 _aBUILDING PERMITS
651 4 _aAustralia
690 _aSustainability
_96271
942 _n0
999 _c115435
_d115435